Country Names Containing a Letter - II - Statistics

General Stats
  • This quiz has been taken 160 times
    143 since last reset
  • The average score is 27 of 36
Answer Stats
Hint Country % Correct
2 x I Indonesia
91%
2 x I India
88%
3 x I Saint Vincent and the Grenadines
88%
3 x I Saint Kitts and Nevis
86%
2 x I United Kingdom
86%
3 x I Philippines
83%
2 x I Saint Lucia
83%
2 x I United Arab Emirates
83%
3 x I Dominican Republic
80%
2 x I Ethiopia
80%
2 x I Dominica
78%
2 x I Federated States of Micronesia
78%
2 x I Fiji
78%
2 x I Democratic Republic of the Congo
77%
2 x I Liechtenstein
77%
2 x I Lithuania
77%
2 x I Central African Republic
75%
3 x I Kiribati
75%
2 x I Bosnia and Herzegovina
73%
2 x I Haiti
73%
2 x I Trinidad and Tobago
73%
2 x I Mauritius
72%
2 x I Vatican City
72%
2 x I Djibouti
70%
2 x I Mauritania
70%
2 x I Tajikistan
69%
2 x I Guinea-Bissau
67%
2 x I Equatorial Guinea
66%
2 x I Eswatini
64%
2 x I Namibia
64%
2 x I Saudi Arabia
64%
2 x I Nigeria
63%
2 x I Bolivia
59%
2 x I Liberia
59%
2 x I São Tomé and Príncipe
59%
2 x I Tunisia
59%
No matching quizzes found
Score Distribution
Percent of People with Each Score
Percentile by Number Answered
Your Score History
You have not taken this quiz since the last reset